¿Qué hay de nuevo en las nuevas derechas? /

Gespeichert in:
Bibliographische Detailangaben
1. Verfasser: Giordano, Verónica
Format: Text
Tags: Tag hinzufügen
Keine Tags, Fügen Sie den ersten Tag hinzu!

MARC

LEADER 00000 a a2200000 04500
001 47275
003
040
100 |a Giordano, Verónica  
245 |a ¿Qué hay de nuevo en las nuevas derechas? /  |c Verónica Giordano  
773 |g número254, (2014), páginas 46-56  
999 |c 28374  |d 28374